|
|
|
|
| LEADER |
01428nam a2200361 a 4500 |
| 001 |
AAL 104 |
| 003 |
BD-DhAAL |
| 005 |
20160209172123.0 |
| 008 |
150203s1991 caua b 001 0 eng |
| 010 |
|
|
|a 90043950
|
| 020 |
|
|
|a 0803940734
|
| 020 |
|
|
|a 0803940742 (pbk.)
|
| 040 |
|
|
|a DLC
|c DLC
|d DLC
|d OCoLC
|d DLC
|d BD-DhAAL
|
| 050 |
0 |
0 |
|a HN90.P8
|b P65 1991
|
| 082 |
0 |
0 |
|a 303.3/8
|2 20
|
| 999 |
|
|
|c 33567
|d 33567
|
| 999 |
|
|
|c 33567
|
| 245 |
0 |
0 |
|a Polling and presidential election coverage /
|c Paul J. Lavrakas, Jack K. Holley, editors.
|
| 260 |
|
|
|a Newbury Park, Calif. :
|b Sage Publications,
|c c1991.
|
| 300 |
|
|
|a 244 p. :
|b ill. ;
|c 23 cm.
|
| 490 |
0 |
|
|a Sage focus editions ;
|v 127
|
| 504 |
|
|
|a Includes bibliographical references and index.
|
| 541 |
|
|
|e 104
|
| 650 |
|
0 |
|a Public opinion
|z United States.
|9 5656
|
| 650 |
|
0 |
|a Public opinion polls.
|9 7874
|
| 650 |
|
0 |
|a Election forecasting
|z United States.
|9 7875
|
| 650 |
|
0 |
|a Press and politics
|z United States.
|9 7876
|
| 700 |
1 |
|
|a Lavrakas, Paul J.
|9 7877
|
| 700 |
1 |
|
|a Holley, Jack K.
|9 7878
|
| 856 |
4 |
2 |
|u l
|
| 942 |
|
|
|2 ddc
|c BK
|
| 952 |
|
|
|0 0
|1 0
|2 ddc
|4 0
|6 303_380000000000000_POL
|7 0
|9 52437
|a SCL
|b SCL
|c GEN
|d 2015-02-03
|e Gift: The Asia Foundation
|l 0
|o 303.38 POL
|p 3020000104
|r 2015-02-03
|t 1
|w 2015-02-03
|y BK
|
| 952 |
|
|
|0 0
|1 0
|2 ddc
|4 0
|6 303_380000000000000_POL
|7 0
|9 52746
|a SCL
|b SCL
|c GEN
|d 2015-02-22
|e Gift: The Asia Foundation
|l 0
|o 303.38 POL
|p 3020001426
|r 2015-02-22
|t 2
|w 2015-02-22
|y BK
|